| 000 | 01360cam a2200313 a 4500 | ||
|---|---|---|---|
| 001 | 3086618 | ||
| 005 | 20230127115034.0 | ||
| 008 | 980310s1998 nyua 001 0 eng | ||
| 010 | _a 98006507 | ||
| 020 | _a0789435195 | ||
| 040 |
_aDLC _cDLC _dDLC |
||
| 050 | 0 | 0 |
_aHD31 _b.H444 1998 |
| 082 | 0 | 0 |
_a658,HEL _221 |
| 100 | 1 |
_aHeller, Robert, _d1932-2012. _912545 |
|
| 245 | 1 | 0 |
_aEssential manager's manual / _cRobert Heller & Tim Hindle. |
| 246 | 3 | 0 | _aManager's manual |
| 250 | _a1st American ed. | ||
| 260 |
_aNew York, N.Y. : _bDK Pub., _c1998. |
||
| 300 |
_a864 p. : _bcol. ill. ; _c22 cm. |
||
| 505 | _aCommunication Clearly (Page-14), Managing Time (Page-82), Making Decisions (Page-150), Delegating Successfully (Page-218), Motivating People (Page-286), Managing Team (Page-354), Managing Meetings (Page-422), Presenting Successfully (Page-490), Negotiating successfully (Page-558), Interviewing people (Page-626), Managing Change (Page-694), Minimizing stress (Page-762). | ||
| 650 | 0 | _aManagement. | |
| 650 | 0 | _aTime management. | |
| 650 | 0 |
_aDecision making. _91911 |
|
| 650 | 0 | _aCommunication in management. | |
| 700 | 1 |
_aHindle, Tim. _912546 |
|
| 906 |
_a7 _bcbc _corignew _d1 _eocip _f19 _gy-gencatlg |
||
| 942 |
_2ddc _cBK _k658,HEL |
||
| 999 |
_c593023 _d593023 |
||